00327pab a2200121 454500008004000000100002300040245007700063260000900140300001200149362000900161650002800170773000700198180718b1987 xxu||||| |||| 00| 0 eng d aAzevedo, Sergio De aHousing policies in Latin AmericabThe muths of self - help consturction c1987 a895-901 aFall aHousing - Latin America aPS